Psicoterapia de respuestas traumáticas

Spremljeno u:
Bibliografski detalji
Glavni autor: Pérez-Sales, Pau (Autor)
Format: Knjiga
Jezik:španjolski
Izdano: Madrid Escosura Producciones 2003
Izdanje:1a. ed
Serija:Programa de Autoformación
Teme:
Oznake: Dodaj oznaku
Bez oznaka, Budi prvi tko označuje ovaj zapis!

MARC

LEADER 00000cam a2200000 a 4500
001 UCE1896
003 CL-VaPUC
008 140526e20030000sp |||||||||||||||||spa|d
020 |a 8496015165 
082 0 4 |a 616.025  |b PER  |2 21 
100 0 |a Pérez-Sales, Pau  |e author  |9 574313 
245 1 0 |a Psicoterapia de respuestas traumáticas 
250 |a 1a. ed 
300 |a v 
942 |c BK 
945 |d 20140526 07:41:00  |a dcastane 
260 |a Madrid  |b Escosura Producciones  |c 2003 
500 |a v.1: trauma y resistencia 
500 |a Incluye 2 cd 
650 0 |a Atención médica  |9 337119 
650 0 |a Traumas  |9 375412 
583 |a last modification  |c 20140526 07:41:00  |k Rodrigo Vera 
490 0 |a Programa de Autoformación 
999 |c 355579  |d 355577 
952 |0 0  |1 0  |3 erb  |4 0  |6 616_025000000000000_PER_2003  |7 0  |8 R  |9 462343  |a BIBEDU  |b BIBEDU  |c MCIRC  |i 5078423  |o 616.025 PER 2003  |p 5078423  |r 2023-01-13  |w 2019-11-23  |y BK_R  |z Catalogado en:20140526  |k PSI 
952 |0 0  |1 0  |3 erb  |4 0  |6 616_025000000000000_PER_2003  |7 0  |8 R  |9 462344  |a BIBEDU  |b BIBEDU  |c MCIRC  |i 5078431  |o 616.025 PER 2003  |p 5078431  |r 2023-01-13  |w 2019-11-23  |y BK_R  |z Catalogado en:20140526  |k PSI